The dog that ate the world / (Record no. 49482)
| 000 -LEADER | |
|---|---|
| fixed length control field | 00306nam a2200109 4500 |
| 020 ## - INTERNATIONAL STANDARD BOOK NUMBER | |
| International Standard Book Number | 9781911171607 |
| 100 ## - MAIN ENTRY--PERSONAL NAME | |
| Personal name | Dieckmann, Sandra |
| 9 (RLIN) | 83481 |
| 245 ## - TITLE STATEMENT | |
| Title | The dog that ate the world / |
| Statement of responsibility, etc | Sandra Dieckmann |
| 260 ## - PUBLICATION, DISTRIBUTION, ETC. (IMPRINT) | |
| Place of publication, distribution, etc | London |
| Name of publisher, distributor, etc | Flying Eye Books |
| Date of publication, distribution, etc | 2018 |
| 300 ## - PHYSICAL DESCRIPTION | |
| Extent | unpaged. |
| Other physical details | col. ill. |
| Dimensions | 24 cm. |
| 942 ## - ADDED ENTRY ELEMENTS (KOHA) | |
| Source of classification or shelving scheme | |
| Koha item type | Book |
| Withdrawn status | Lost status | Source of classification or shelving scheme | Damaged status | Not for loan | Collection code | Home library | Current library | Date acquired | Total Checkouts | Full call number | Barcode | Date last seen | Price effective from | Koha item type |
|---|---|---|---|---|---|---|---|---|---|---|---|---|---|---|
| TEACHERS' RESOURCES | Asian Hope Primary Library | Asian Hope Primary Library | 09/02/2025 | E DIE | 209356 | 09/02/2025 | 09/02/2025 | Book |